000 01502cab a2200385 4500
001 ABS59173
008 090401t1998 xxu||||| |||| 00| 0 eng d
035 _a(Sirsi) u88011
041 _aeng
245 _aResidential
260 _c1998
350 _a0
490 _aProperty Week Supplement
_vJune 1998, LOAN
520 _aA Property Week supplement which includes a series of articles on the residential sector. Discusses housebuilders who are focusing on environment and landscaping to create `real communities`. Looks at the investment market, and the recycling of MoD properties and NHS land for housing. Includes a profile of Baroness Dean, who is chair of the Housing Corporation, and a report on social housing. Considers the use of option and promotion agreements by residential developers, and marketing of homes by developers. Discusses service charges and freehold evidence for Leasehold Valuation Tribunals.
650 _aBES
650 _aCOMMUNITY HOUSING
650 _aDEVELOPERS
650 _aFREEHOLD VALUE
650 _aHIT
650 _aHOUSE BUILDERS
650 _aINVESTMENT
650 _aLEASEHOLD VALUATION TRIBUNALS
650 _aLOCAL PLANNING AUTHORITIES
650 _aMARKETING
650 _aMOD PROPERTY
650 _aNHS LAND
650 _aOPTION AGREEMENTS
650 _aPROMOTION AGREEMENTS
650 _aREITS
650 _aSERVICE CHARGES
650 _aSOCIAL HOUSING
690 _aHOUSING
942 _n0
948 _c14/08/1998
999 _c55568
_d55568